00325nam a22001457a 4500003000400000005001700004008004100021020001500062040000700077082001000084100001900094245003100113260002700144300000800171OSt20211126100919.0211126b |||||||| |||| 00| 0 eng d a8126128747 chu a370.3 acynthla george aencyclopaedia of education anew delhi bhallc2006 a386